Online Catalogue and eLibrary

BodySpace : (Record no. 266)

MARC details
000 -LEADER
fixed length control field 00796pam a2200253 a 4500
001 - CONTROL NUMBER
control field 2104513
005 - DATE AND TIME OF LATEST TRANSACTION
control field 20240202003344.0
008 - FIXED-LENGTH DATA ELEMENTS--GENERAL INFORMATION
fixed length control field 960123s1996 enka b 001 0 eng
020 ## - INTERNATIONAL STANDARD BOOK NUMBER
ISBN 0415144418
020 ## - INTERNATIONAL STANDARD BOOK NUMBER
ISBN 0415144426 (pbk.)
040 ## - CATALOGING SOURCE (பட்டியலாக்க மூலம்)
Original cataloging agency DLC
Transcribing agency DLC
Modifying agency DLC
082 00 - DDC Classification
Class No. 305.4.
DDC Edition Number 20
245 00 - TITLE STATEMENT
Title BodySpace :
Remainder of title destabilizing geographies of gender and sexuality /
Statement of responsibility, etc. edited by Nancy Duncan.
260 ## - PUBLICATION, DISTRIBUTION, ETC.
Place of publication, distribution, etc. London ;
-- New York :
Name of publisher, distributor, etc. Routledge,
Date of publication, distribution, etc. 1996.
300 ## - PHYSICAL DESCRIPTION
Extent (e.g. Volumes, Pages etc.) ix, 278 p. :
650 #0 - SUBJECT ADDED ENTRY--TOPICAL TERM
Topical term or geographic name entry element Feminist theory.
650 #0 - SUBJECT ADDED ENTRY--TOPICAL TERM
Topical term or geographic name entry element Feminist geography.
650 #0 - SUBJECT ADDED ENTRY--TOPICAL TERM
Topical term or geographic name entry element Masculinity.
650 #0 - SUBJECT ADDED ENTRY--TOPICAL TERM
Topical term or geographic name entry element Sex role.
700 1# - ADDED ENTRY--PERSONAL NAME
Personal name Duncan, Nancy,
Relator term (Role) Editor
856 42 - ELECTRONIC LOCATION AND ACCESS
Uniform Resource Identifier <a href="http://www.loc.gov/catdir/enhancements/fy0649/96000589-d.html">http://www.loc.gov/catdir/enhancements/fy0649/96000589-d.html</a>
856 42 - ELECTRONIC LOCATION AND ACCESS
Uniform Resource Identifier <a href="http://www.loc.gov/catdir/enhancements/fy1102/96000589-b.html">http://www.loc.gov/catdir/enhancements/fy1102/96000589-b.html</a>
942 ## - Koha item type (Biblio)
Koha item type Books in Stacks (Lending)
Holdings
Lost status Damaged status Collection code Home library Current library Date acquired Full call number Accession Number Item type
    Lending WERC Library WERC Library 02/02/2024 305.4. 2845 Books in Stacks (Lending)

© WERC Library